000 00813nam a22002657a 4500
001 BR9507553
003 BR-BrBNA
005 20230928095110.0
007 ta
008 230509b bl.||||| |||| 00| 0 por d
040 _aBR-BrBNA
_bpor
_cBiblioteca Nacional de Agricultura
041 _a(Por)
072 _aF04; H01; N20
_b3801
_b3871
_b4500
090 _ 3801 BR9507553
110 1 _aInstituto de Planejamento Economico e Social, Rio de Janeiro, RJ (Brasil)
_96245
245 1 _aTextos para discussao interna no. 65 insumos modernos na agricultura brasileira
260 3 _aRio de Janeiro, RJ (Brasil):
_c184.
300 _a166 p.
500 _a64 ref.; 10 tables
650 _aFertilizante
650 _aDefensivo
650 _aMaquina Agricola
909 _a202309
_bLucia
_c55
_dLucia Elande
942 _cBK
999 _c54514
_d54514